000 00207 a2200097 4500
001 11776
100 _aBirdwood, L.
245 _aA continent decides
260 _a
_bRobert Hale Ltd
_c
090 _c9032
_d9032
942 _aNUST-CAE
_cM
_c35859
999 _c246849
_d246849